000 00902nam a2200205 i 4500
001 113277
003 ES-MaACL
005 20230906185827.0
007 t|
008 070222s1994 fr a |||| |dfre d
020 _a2-7177-1929-6
080 _a78 Guilbert, Yvette
080 _a929 Guilbert, Yvette
245 0 0 _aYvette Guilbert
_b: diseuse fin de siècle.
260 _aAlbi :
_bMusée Toulouse-Lautrec ;
_a[Aix-en-Provence] :
_bMusës d'Aix-en-Provence ;
_a[Paris] :
_bBibliothèque Nationale de France,
_c[1994]
300 _a132 p. :
_bil. ;
_c24 cm.
500 _aCatálogo de la Exposición en el Musée Toulouse-Lautrec, Albi, Sept. 30-Nov. 16, 1994; Pavillon de Vendôme, Aix-en-Provence, Nov. 25, 1994-Jan. 29, 1995; Bibliotheque nationale, Paris, Feb. 9-Apr. 1, 1995.
600 1 4 _aGuilbert, Yvette.
_960695
852 _aES-MaACL
_jE-11591
_z. - Biblioteca Jacinto Martínez Lacalle
999 _c113277
_d113277